000 00264 a2200109 4500
000 nam a22 7a 4500
005 20260313142225.0
100 _aMcQuire, Peter
_91132022
245 _aR programing for actuarial science
260 _bWiley
_c2024
942 _cAUD
999 _c1715369
_d1715369